00434 2200157 4500001002100000005001500021035002000036245008500056100001700141300002600158260003600184082000800220084001400228020002200242990001200264INLIS00000000000307420250930083940 a0010-09250004211 aGunung Vs Pantai Dalam Perspektif Nilai-Nilai Hidup Bersama /cWempi Wetipo, S.H0 aWempi Wetipo a132 hlm ;c15 x 23 cm aYogyakarta :bAsda Media,c2015 a300 a300 WEM g a978-602-0833-06-4 a0755565